000 00897nam a2200241 i 4500
001 114465
003 ES-MaACL
005 20260326134439.0
007 t|
008 070301s1912 sp c |||| |bspa d
100 1 _aPulido, Ángel,
_d1852-1932
_9149324
245 1 3 _aEl doctor Lister
_b: (conferencia dada en el Ateneo de Madrid) /
_cÁngel Pulido.
260 _aMadrid :
_b[s.n.],
_c1912 (
_fImp. de Bernardo Rodríguez)
300 _a66 p. :
_b1 retr. ;
_c18 cm.
530 _aDisponible en formato digital.
600 1 4 _aLister, José.
_972560
610 2 4 _aAteneo de Madrid-
_vConferencias-
_y1900-1939
_91907
710 2 _aAteneo de Madrid.
_91875
852 _aES-MaACL
_j1486-F-6
_9118762
_cDEPOF
_zRevisado enlace: 26 Marzo 2025.
856 4 _uhttp://bdh-rd.bne.es/viewer.vm?id=0000251467&page=1
_yBiblioteca Digital Hispánica
942 _2udc
999 _c114465
_d114465